Bảo mật thông tin trên mạng xã hội và tự đánh giá bản thân của sinh viên /
Đã lưu trong:
| Hovedforfatter: | |
|---|---|
| Andre forfattere: | |
| Format: | Bài viết |
| Sprog: | Vietnamese |
| Fag: | |
| Tags: |
Tilføj Tag
Ingen Tags, Vær først til at tagge denne postø!
|
| Thư viện lưu trữ: | Thư viện Trường Đại học Đà Lạt |
|---|
| LEADER | 00878nam a2200277 4500 | ||
|---|---|---|---|
| 001 | DLU180183028 | ||
| 005 | ##20180112 | ||
| 040 | # | # | |a DLU |b vie |
| 041 | # | # | |a vie |
| 044 | # | # | |a vn |
| 100 | # | # | |a Trần Hữu Luyến. |
| 245 | # | # | |a Bảo mật thông tin trên mạng xã hội và tự đánh giá bản thân của sinh viên / |c Trần Hữu Luyến, Bùi Thị Hồng Thái. |
| 653 | # | # | |a Bảo mật thông tin |
| 653 | # | # | |a Mạng xã hội |
| 653 | # | # | |a Sinh viên |
| 653 | # | # | |a Tự đánh giá |
| 700 | # | # | |a Bùi Thị Hồng Thái. |
| 773 | # | # | |t Tâm lý học |g Số 2(191), 2015, tr. 7-17 |
| 920 | # | # | |a Phòng Tạp chí -- Trung tâm Thông tin - Thư viện Trường Đại học Đà Lạt |
| 900 | # | # | |a True |
| 911 | # | # | |a Nguyễn Thị Thu Phương |
| 925 | # | # | |a G |
| 926 | # | # | |a A |
| 927 | # | # | |a BB |
| 980 | # | # | |a Thư viện Trường Đại học Đà Lạt |